| 000 | 00987nam a2200325Ia 4500 | ||
|---|---|---|---|
| 003 | OSt | ||
| 005 | 20220912145158.0 | ||
| 006 | a|||||r|||| 00| 0 | ||
| 007 | ta | ||
| 008 | 220909b |||||||| |||| 00| 0 eng d | ||
| 020 | _a9783540921752 | ||
| 024 | _a109162 | ||
| 037 | _b2417, 08/07/2010, New India Book Agency | ||
| 037 | _cTextbook | ||
| 040 |
_aCSL _beng _cCSL |
||
| 041 | _aeng | ||
| 082 | _aB2TOb8BE2, P4;P9 TOR | ||
| 100 | _aDudek Gregor | ||
| 245 | 0 | _aCollaborative planning in supply chains:a negotiation-based approach | |
| 250 | _a2 | ||
| 260 |
_aBerlin _bSpringer-Verlag _c2009 |
||
| 300 |
_axiv,234p. _ccm. |
||
| 500 | _aReferences 219-228p. | ||
| 650 | _a Business logistics | ||
| 650 | _a Negotiation in business | ||
| 650 | _a Strategic alliances | ||
| 650 | _aOperational Research | ||
| 942 |
_hB2TOb8BE2, P4;P9 TOR _cTB _2CC |
||
| 999 |
_c25118 _d25118 |
||